| 000 | 01732nam a2200289Ia 4500 | ||
|---|---|---|---|
| 001 | H9886 | ||
| 003 | IT-RoPAU | ||
| 008 | 130308s9999 xx 000 0 und d | ||
| 040 | _aIT-RoPAU | ||
| 040 | _cIT-RoPAU | ||
| 041 | _aITALIANO | ||
| 100 | _aOmodeo Salè Marino | ||
| 100 | _gCodice Aut. SPICS: 59992 | ||
| 245 | _aBreve storia dell'arte indiana | ||
| 245 | _bBreve storia dell'arte Indiana | ||
| 250 | _a1a ed. | ||
| 260 | _aMILANO | ||
| 260 | _bMartello Aldo | ||
| 260 | _c1961 [1° Ed.:1961 - Ed.Ling.Originale:1961] | ||
| 300 | _a"152 p. (prefazione: no ; testo: 152 [pagine: 0-0])" | ||
| 500 | _a"Civiltà della Valle dell'Indo. Stile Ariano Vedico. Arte Buddhista Ai Tempi Dinastia Maurya. Grandi Stupa di Bharhut, di Sanchi, di Amaravati Durante Dinastie Sunga e Andhra. Vihara e Caitya Epoca Buddhista. Periodo Kushana: Stile di Mathura e Gandhara. Periodo Gupta: Rinascimento Induista. Ajantae Pittura Buddhista, Ellora, Elephanta. Primi Templi Costruiti: Ajhole e Badami. Templi medioevali del Sud: Mahabalipuran. Templi medioevali dell'Orissa: Puri, Konarak, Bhubhaneshwar. Templi medioevali del Nord: Khajuraho. sculture Dravidiche. Arte Jaina. Apogeo finale Induismo: Tanjore, Belur, Halebid. Arte Musulmana: Stile Imperiale di Delhi. Stili delle Province. Arte Moghol a Delhi. Arte Moghol a Fathepur Sikri. Arte Moghol Ad Agra. Pittura Moghol. Pittura Rajput e Kangra. ultime Opere Musulmane: Aurangazeb. Stile Dravidico: Vijayangar; Madura. Architettura dell'Ottocento e Novecento. Scuole Moderne di Pittura. Periodi dell'arte Indiana. Terminologia." | ||
| 650 | _aSTORIA UNIVERSALE DELLE ARTI VISIVE | ||
| 650 | _eCodice materia Spics: 5009 | ||
| 942 | _cBK | ||
| 957 | _71 | ||
| 999 |
_c90625 _d90625 |
||
| 999 | _g1 | ||